Trendy prekladateľskej činnosti v Európskej únii

Súčasné fungovanie mechaniznov, ktoré sa podieľajú na prenose informácií v rámci jazykovej agendy v Európskej únii tak v oblasti prekladateľskej ako i tlmočníckej činnosti.

Gespeichert in:
Bibliographische Detailangaben
1. Verfasser: Strelinger, Ján, 1964-
Format: Buchkapitel
Sprache:Slowakisch
Schlagworte:
Tags: Tag hinzufügen
Keine Tags, Fügen Sie das erste Tag hinzu!

MARC

LEADER 00000nla a2200000 4500
001 0199474
005 20240502073358.9
041 0 |a slo 
044 |a SK 
245 1 0 |a Trendy prekladateľskej činnosti v Európskej únii  |c Ján Strelinger 
520 |a Súčasné fungovanie mechaniznov, ktoré sa podieľajú na prenose informácií v rámci jazykovej agendy v Európskej únii tak v oblasti prekladateľskej ako i tlmočníckej činnosti. 
610 2 0 |a jazyky cudzie 
610 2 0 |a slovotvorba 
610 2 0 |a zásoba slovná 
610 2 0 |a preklady odborné 
610 2 0 |a tlmočníci 
610 2 0 |a informácie 
610 2 0 |a jazykoveda 
610 2 0 |a Európska únia 
100 1 |a Strelinger, Ján, 1964-